000 00868nmm a2200277 a 4500
001 ocm000603336
003 TR-IsHL
005 20201028130045.0
008 130927s2001 tu tur
007 cr cn
020 _a9789757058472
035 _a603336
_b(N$T)
050 0 4 _aTX725.T9
_bY67 2001
090 0 4 _aTX725.T9
_bY67 2001
245 1 0 _aYöresel Türk mutfağı
_h[electronic resource] /
_chaz. Olcay Türkan Gürkan
250 _a3. bs.
260 _aİstanbul :
_bYaylım Yayıncılık,
_c2001
300 _a544 p.
650 4 _aGenel Çalışmalar
650 4 _aGeneral Works
650 0 _aMutfak, Türk
650 0 _aCookery, Turkish
650 7 _aCOOKING / Regional & Ethnic / Turkish
_2bisacsh
700 1 _aGürkan, Olcay Türkan
856 4 0 _uhttp://search.ebscohost.com/login.aspx?direct=true&scope=site&db=e011xww&AN=603336
999 _c3817
_d3817